| 000 | 01417aam a2200433 4500 | ||
|---|---|---|---|
| 005 | 20250911143943.0 | ||
| 008 | 150521b2008 xxu||||| |||| 00| 0 spa d | ||
| 020 | _a9788498761184 | ||
| 041 | _aESP | ||
| 082 | _a363.125 R577s | ||
| 100 |
_aRimo ,Alberto Alonso _98909 |
||
| 100 |
_aBertran Turch, Juan José _98910 |
||
| 245 | _aSeguridad vial (especial referencia a la reforma operada en el código penal mediante la ley orgánica 15/2007, de 30 de Noviembre) | ||
| 260 | _aEspaña | ||
| 260 | _bTirant lo Blanch | ||
| 260 | _c2008 | ||
| 300 | _a470 páginas | ||
| 490 | _aInvestigación Criminal | ||
| 650 | _aSEGURIDAD VIAL | ||
| 650 | _aACCIDENTES DE TRÁNSITO | ||
| 650 | _aPREVENCIÓN DE LOS ACCIDENTES DE TRÁNSITO | ||
| 650 | _aINTERVENCION EN LOS ACCIDENTES | ||
| 650 | _aPROCEDIMIENTO DE INVESTIGACIÓN | ||
| 650 | _aINTERVENCIÓN DE BOMBEROS | ||
| 650 | _aINVESTIGACIÓN DE CAUSAS | ||
| 650 | _aINFORMACIÓN DE ACCIDENTES DE TRANSITO | ||
| 650 | _aDELITOS CONTRA LA SEGURIDAD VIAL | ||
| 650 | _aPRUEBAS | ||
| 650 | _aPRESUNCIÓN DE INOCENCIA | ||
| 650 | _aCONDUCCIÓN TEMERARIA | ||
| 650 | _aPRUEBAS DE ALCOHOL | ||
| 650 | _aPRUEBA DE DROGAS | ||
| 650 | _aPRÁCTICA FORENSE | ||
| 650 | _aVALOR PROBATORIO | ||
| 650 | _aVALORACIÓN DE DANOS | ||
| 650 | _aRESPONSABILIDAD CIVIL | ||
| 650 | _aVEHÍCULOS OFICIALES EN ACCIDENTES DE TRÁNSITO | ||
| 942 |
_cBK _2ddc |
||
| 999 |
_c5893 _d5893 |
||